Los indicadores censales como herramienta para evaluar la vulnerabilidad social frente a la caída de ceniza volcánica : el caso de Villa La Angostura (Argentina) durante la erupción del Cordón Caulle 2011 /

Detalles Bibliográficos
Otros Autores: Delménico, Agustín, Villarosa, Gustavo, Beigt, Débora, Outes, Valeri, Andrade, María Isabel, Manzoni,Carolina
Formato: Artículo
Lenguaje:Espa�ol
Materias:
Acceso en línea:Sistema de Información Científica Redalyc
Etiquetas: Agregar Etiqueta
Sin Etiquetas, Sea el primero en etiquetar este registro!

MARC

LEADER 00000nab a22000005a 4500
001 AR-BbUGT10136
003 AR-BbUGT
005 20210507080616.0
007 ta
008 190404s2018 ag |||p |||| 00| 0|spa d
999 |c 15752  |d 15752 
040 |a AR-BbUGT  |c AR-BbUGT  |e aacr 
041 |a spa  |b eng  |h spa 
245 0 4 |a Los indicadores censales como herramienta para evaluar la vulnerabilidad social frente a la caída de ceniza volcánica :   |b el caso de Villa La Angostura (Argentina) durante la erupción del Cordón Caulle 2011 /   |c Agustín Delménico, Gustavo Villarosa, Débora Beigt, Valeria Outes, María Isabel Andrade, Carolina Manzoni.  
300 |a p. 11-42 
520 3 |a La vulnerabilidad está definida por las condiciones socioeconómicas previas a la ocurrencia de un evento catastrófico. La erupción del Cordón Caulle iniciada en junio de 2011 trajo consecuencias a la región del Nahuel Huapi, principalmente Villa La Angostura, en actividades económicas, servicios básicos, transportes y comunicaciones, entre otras. El objetivo del trabajo es desarrollar una herramienta metodológica para evaluar la vulnerabilidad social frente a la caída de ceniza volcánica a partir de indicadores provistos por el Censo Nacional de Población, Hogares y Viviendas realizado en el año 2010, que muestra el escenario previo a dicha erupción, a la vez que facilita su replicabilidad a partir de datos disponibles a nivel nacional. Los indicadores fueron mapeados, analizados por radios censales y se cotejaron con información disponible sobre las medidas adoptadas durante la emergencia y se elaboró un mapa final de vulnerabilidad. Se destacó la oportunidad y pertinencia que presentan los datos censales para anticipar sitios vulnerables, especialmente cuando se consideran las condiciones habitacionales, el abastecimiento de agua potable y los materiales e inclinación de los techos, así como también las mejoras realizadas luego de la emergencia, por ejemplo, en el sistema de abastecimiento y distribución del agua de red. 
530 |a Disponible también en formato digital. 
651 4 |a Villa La Angostura (Argentina)  |9 233 
653 |a Ceniza volcánica 
653 |a Vulnerabilidad social 
653 |a Erupción 
653 |a Indicadores censales 
653 |a Cordón Caulle 
700 1 |a Delménico, Agustín. 
700 1 |a Villarosa, Gustavo. 
700 1 |a Beigt, Débora. 
700 1 |a Outes, Valeri. 
700 1 |a  Andrade, María Isabel. 
700 1 |a  Manzoni,Carolina. 
773 0 |d Bahía Blanca : EdiUNS, 2018.  |x 0326-8373  |t Revista Universitaria de Geografía   |w AR-BbUGT7010  |g Vol. 27, no. 2 (2018), p. 11-42  |q 27:11<42 
856 4 1 |3 Texto completo.   |u https://www.redalyc.org/articulo.oa?id=383257592001  |y Sistema de Información Científica Redalyc 
942 |c ARTPP  |2 ddc